Business Regulatory Framework (mercantile Law) (Record no. 36301)

MARC details
000 -LEADER
fixed length control field 00493nam a2200193Ia 4500
008 - FIXED-LENGTH DATA ELEMENTS--GENERAL INFORMATION
fixed length control field 220531s9999 xx 000 0 und d
041 ## - LANGUAGE CODE
Language code of text/sound track or separate title eng
082 ## - DEWEY DECIMAL CLASSIFICATION NUMBER
Classification number -
Item number CHA
100 ## - MAIN ENTRY--PERSONAL NAME
Personal name Chaudhary, P. N.
9 (RLIN) 63974
245 ## - TITLE STATEMENT
Title Business Regulatory Framework (mercantile Law)
250 ## - EDITION STATEMENT
Edition statement 1ST
260 ## - PUBLICATION, DISTRIBUTION, ETC. (IMPRINT)
Place of publication, distribution, etc. Pune
Name of publisher, distributor, etc. Nirali
Date of publication, distribution, etc. 2015
300 ## - PHYSICAL DESCRIPTION
Extent 8.18
542 ## - INFORMATION RELATING TO COPYRIGHT STATUS
Copyright holder 09-07-2015
551 ## -
-- Commerce
-- Grantebal-C
650 ## - SUBJECT ADDED ENTRY--TOPICAL TERM
Topical term or geographic name as entry element Mercantile Law
9 (RLIN) 63975
906 ## - LOCAL DATA ELEMENT F, LDF (RLIN)
d 2015-2016
Holdings
Withdrawn status Lost status Source of classification or shelving scheme Damaged status Not for loan Collection code Home library Current library Date acquired Vendor Cost, normal purchase price Total Checkouts Total Holds Full call number Barcode Date last seen Bill Date Koha item type Original Barcode
Withdrawn   Dewey Decimal Classification       Shri Siddhivinayak Mahila Mahavidyalaya Shri Siddhivinayak Mahila Mahavidyalaya 21/07/2015 Nirali 250.00   10 -/CHA/B/17304 SSMM-BK-17304 06/08/2022 06/08/2022 Books 010017304